Fenomén rozmanitosti v slovenských médiách diplomová práca

Salvato in:
Dettagli Bibliografici
Autore principale: Véghová Vančo, Veronika, 1991-
Ente Autore: Národohospodárska fakulta EU. Katedra ekonómie
Altri autori: Dvořák, Karel
Natura: Libro
Lingua:slovacco
Pubblicazione: Bratislava 2016
Tags: Aggiungi Tag
Nessun Tag, puoi essere il primo ad aggiungerne!!

MARC

LEADER 00000nbm a2200000 4500
001 0217928
005 20161108125129.5
041 0 |a slo 
044 |a SK 
245 1 0 |a Fenomén rozmanitosti v slovenských médiách  |b diplomová práca  |c Veronika Véghová ; školiteľ: Karel Dvořák 
264 1 |a Bratislava  |c 2016 
300 |a 76 s. 
100 1 |a Véghová Vančo, Veronika, 1991- 
700 1 |a Dvořák, Karel 
710 2 |a Národohospodárska fakulta EU. Katedra ekonómie